LEADER 01417nas a2200265 i 4500 001 000000006448 003 CaOOAMICUS 005 20241227125441.0 008 180830d19922021it zr u0 z|ita u 040 $aSeMil$bita 245 00$aTrattati di etica teologica$h[generale di collana] /$ccollana diretta da Luigi Lorenzetti. 264 1$aBologna :$bEDB,$c1992-2021. 300 $av. ;$c(dimensioni variabili). 362 0 $a1992-2021 500 $aDall 1999 la collana pubblica alcuni volumi come: Trattati di etica teologica. Commenti 500 $aDal 2021 si fonde con la collana Etica teologica oggi e il titolo varia in Etica 700 1 $aLorenzetti, Luigi <1931- >.$0(OLS)http://semarc/name/1532 780 01$tEtica teologica oggi.$dBologna : EDB, 1984-2021.$w()6418 785 00$tEtica .$dBologna : EDB, 2022-$kEtica teologica oggi$kEtica $kTrattati di etica teologica$w()361223 830 0$aTrattati di etica teologica.$0(OLS)http://semarc/title/8574 850 $aSeMil 852 $aSeMil$W1$xVenegono$y1$mVedi "Titolo uniforme di collana" per le collocazioni dei singoli volumi$j222888$qSottoscrizione conclusa: continua come ?Etica ?$B243714$CSeMilBibl$Z2$F243714 $81 996 $6245$aTrattati di etica teologica$h[generale di collana]$9(OLS)http://semarc/title/8575 996 $6264$aBologna :$bEDB$9(OLS)http://semarc/publisher/29669 LEADER 00999nam a2200241 i 4500 001 000000113710 003 CaOOAMICUS 005 20050804000000.0 008 050804s1979 it u000 u ita u 013 $a86396 040 $aSeMil$bita 245 10$aDisegni di Cézanne /$ccatalogo a cura di Nello Ponente. 260 $aMilano :$bElecta,$ccopyr. 1979. 300 $a141 p. :$briccamente ill. ;$c25 cm. 500 $aContiene : Bibliografia. - Catalogo della Mostra tenuta a Roma, Palazzo Braschi, 13 febbraio-30 marzo 1979. - Fondo Ciprandi. 650 4$aCézanne, Paul <1839-1906> - Opere.$0(OLS)http://semarc/subject/20649 700 1 $aPonente, Nello.$0(OLS)http://semarc/name/47578 850 $aSeMil 852 $aSeMil$W1$xVenegono$y1$m5P XVI 23$j69370$B69370$CSeMilBibl$Z2$F101307 $81 941 1 $a1 961 $aOmaggio: Ciprandi dott. Paolo 996 $6245$aDisegni di Cézanne$9(OLS)http://semarc/title/166076 996 $6260$aMilano :$bElecta$9(OLS)http://semarc/publisher/29711